|
|
|
|
| LEADER |
00000nam a2200000Ii 4500 |
| 001 |
DIGEPUJ0470 |
| 003 |
NyNyDIG |
| 006 |
m o d |
| 007 |
cr ||||||||||| |
| 008 |
250103s2024 ck a ob 000 0 spa d |
| 035 |
|
|
|a (OCoLC)1479641154
|
| 040 |
|
|
|a DGITA
|b eng
|e rda
|e pn
|c DGITA
|
| 020 |
|
|
|a 9789587818901
|q (digital)
|
| 020 |
|
|
|z 9789587818895
|q (impreso)
|
| 050 |
1 |
4 |
|a TK7882.I6 ebook
|
| 100 |
1 |
|
|a Martínez Eraso, Camilo Ernesto,
|e author.
|
| 245 |
1 |
0 |
|a Contar :
|b visualizaciones con datos /
|c Camilo Ernesto Martínez Eraso.
|
| 250 |
|
|
|a Primera edición.
|
| 264 |
|
1 |
|a Bogotá :
|b Editorial Pontificia Universidad Javeriana,
|c [2024]
|
| 300 |
|
|
|a 1 online resource :
|b illustrations.
|
| 336 |
|
|
|a text
|b txt
|2 rdacontent
|
| 337 |
|
|
|a computer
|b c
|2 rdamedia
|
| 338 |
|
|
|a online resource
|b cr
|2 rdacarrier
|
| 347 |
|
|
|a text file
|2 rdaft
|
| 347 |
|
|
|b PDF
|
| 504 |
|
|
|a Includes bibliographical references.
|
| 588 |
0 |
|
|a Online resource; title from PDF title page (Digitalia, viewed January 3, 2025)
|
| 650 |
|
0 |
|a Visual analytics.
|
| 650 |
|
0 |
|a Information visualization.
|
| 650 |
|
0 |
|a Data mining.
|
| 650 |
|
0 |
|a Statistics.
|
| 791 |
2 |
|
|a Digitalia (Firm),
|e distributor.
|
| 793 |
0 |
|
|g Digitalia eBook Collection:
|a Pontificia Universidad Javeriana
|
| 776 |
0 |
8 |
|i Print version:
|a Martínez Eraso, Camilo Ernesto.
|t Contar.
|b Primera edición.
|d Bogotá : Editorial Pontificia Universidad Javeriana, [2024]
|z 9789587818895
|
| 856 |
4 |
0 |
|3 Digitalia Hispánica
|u https://www.digitaliapublishing.com/a/169979/
|
| 910 |
|
|
|a Premium collection: 2025
|